00225nam a2200097Ia 4500008004100000100001800041245002400059260002300083260000900106546001200115170619s9999 xx 000 0 und d aSharma- J. K. 0aOperations research bNew Delhi McMillan c2004 aENGLISH